000 00687nam a2200205 i 4500
001 40649
003 ES-MaACL
005 20230906160259.0
007 t|
008 030306s1981 sp ||||1| spa d
100 1 _aCarrero, José María.
_935697
245 1 0 _aVirosis y enfermedades afines de los cítricos /
_cpor José María Carrero.
260 _aMadrid :
_b[Ministerio de Agricultura y Pesca],
_c1981.
300 _aXVIII, 411 p. :
_bil. ;
_c23 cm.
490 1 _aPublicaciones de Extensión Agraria
710 1 _aEspaña.
_bMinisterio de Agricultura.
_93837
830 0 _aPublicaciones de Extensión Agraria
_9181874
852 _aES-MaACL
_jL-2465
999 _c40649
_d40649